MDQL
is popping MORE tags! Check the
thread
!
Quizzes
Events
Quiz Creation
Community
Videos
Private Events
Remove Ads
Sign In
Join for FREE
Feedback
Dark Mode
Quiz Categories
Sports
Geography
Music
Movies
Television
Just For Fun
Miscellaneous
History
Literature
Language
Science
Gaming
Entertainment
Religion
Holiday
For Kids
Quiz Lab
Recent
Popular Today
Quiz Kudos Today
Editor Picks
Curator Picks
Quizzes by...
Day
Popularity
Type
Ratings
Length
Year
Community
Subscriptions
Recent Discussions
Orange Saloon
Badges
Playlists
Quests
Create
Leaderboards
Showdown
Live 5
Trivia Bingo
Activity
Puzzle Library
Sporcle Events
Private Events
Virtual Trivia
Globe League
Become a Host
Pub Owners
SporcleCon
Opinionation
Our Games
Videos
Blog
Mobile Apps
Partnerships
Remove Ads and Go Orange
Feedback
Sports
Athletes
MLB
NBA
NHL
NFL
Soccer
Sports Teams
WWE
NCAA
Football
Premier League
Basketball
Baseball
Hockey
Golf
Tennis
Cricket
Rugby
Auto Racing
Olympics
World Cup
Sports
Athletes
MLB
NBA
NHL
NFL
Soccer
Sports Teams
WWE
NCAA
Football
Premier League
Basketball
Baseball
Hockey
Golf
Tennis
Cricket
Rugby
Auto Racing
Olympics
World Cup
Random Quiz
Search Sporcle
×
Quiz Lab
Quiz Lab
Sports
Hockey
Type in answers that appear in a list
Type in answers that appear in a list
Classic
Best Score? Go Orange.
TSN - Top 50 NHL Players of 2011 Stats
Can you name the Name TSN's Top 50 Players of 2011?
By
LEAFS225
10m
50 Questions
392 Plays
392 Plays
392 Plays
Comments
Comments
Give Quiz Kudos
Give Quiz Kudos
-
- Ratings
hide this ad
More Info
Replay
Link that replays current quiz
Next Quiz
Link to next quiz in quiz playlist
You Got
0%
They Got
Avg Score
77%
Avg Friend Score
Upgrade to see
Score Distribution
Jump to the score distribution portion of the page
Score
0/50
Timer
10:00
0
Plays Today
Rank
Player
% Correct
1
Sidney Crosby
99.5%
4
Daniel Sedin
97.7%
2
Alex Ovechkin
97.7%
5
Henrik Sedin
97.4%
8
Jonathan Toews
95.4%
6
Steven Stamkos
94.4%
24
Patrick Kane
94.1%
3
Pavel Datsyuk
91.6%
10
Zdeno Chara
90.8%
7
Corey Perry
89.8%
22
Evgeni Malkin
89%
20
Rick Nash
86.4%
17
Eric Staal
86.2%
18
Jarome Iginla
85.9%
15
Henrik Zetterberg
85.2%
11
Shea Weber
84.4%
13
Ryan Getzlaf
83.9%
29
Joe Thornton
83.6%
12
Nicklas Lidstrom
83.4%
14
Tim Thomas
82.1%
27
Duncan Keith
81.3%
21
Anze Kopitar
81.1%
25
Claude Giroux
81.1%
19
Brad Richards
80.3%
38
Mike Richards
80.3%
Rank
Player
% Correct
41
Roberto Luongo
78.5%
23
Drew Doughty
77.2%
39
Patrick Marleau
77.2%
16
Ryan Kesler
77%
36
Ryan Miller
76.7%
30
Carey Price
75.4%
34
Henrik Lundqvist
75.4%
26
Zach Parise
74.2%
48
Nicklas Backstrom
73.7%
28
Pekka Rinne
72.9%
32
Ilya Kovalchuk
72.9%
35
Patrick Sharp
72.1%
31
Chris Pronger
71.4%
44
Jeff Carter
69.8%
46
Marian Hossa
69.6%
37
Daniel Briere
63.9%
33
Bobby Ryan
63.7%
45
Matt Duchene
60.9%
9
Martin St Louis
60.4%
43
Ryan Suter
60.4%
50
Jeff Skinner
59.1%
49
Dan Boyle
57.8%
40
Keith Yandle
53.2%
42
Loui Eriksson
49.1%
47
Tyler Myers
48.1%
Quiz Playlist
Details
Report
Send in Message
Add To Playlist
More Info:
THIS IS NOT MY LIST IT IS TSN'S
Classic:
Type in answers that appear in a list
Last Updated: Feb 16, 2017
Quiz Scoreboard
CHALLENGE
Sign Up to Join the Scoreboard
Show All
Scores
Hide
Comments
May contain spoilers
Recently Published
Holiday 10x10 Sorting Gallery
by lukepisani3
Holiday
15m
Two Season TV Shows II
by 123Four
Television
10m
Image Sorting: Flags VI
by Barbecue
Geography
2m
More to Explore
Quiz From the Vault
Featured Blog Post
14 Easter Pick-up Lines to Find Eggs With
hide this ad
You Might Also Like...
Tags
Hockey Quiz
NHL Quiz
NHL Playoffs
Point Scorers
Points Leaders
Top 10
Top 50
Top 500
Today's Top Quizzes in Sports
Browse Sports
hide this ad
Today's Top Quizzes in Hockey
Browse Hockey
Top Contributed Quizzes in Sports
1
Les meilleurs buteurs des matchs entre le PSG et l’OM
2
Les entraîneurs de l'OM et du PSG au 21e siècle
3
2022 World Cup Stars
4
Les joueurs passés par le PSG et l'OM
5
Players with Multiple 50 Home Run Seasons
6
FIFA Club World Cup Champions
7
Criteria MLB: Left Handed Sluggers
8
Les joueurs passés par le LOSC et le RC Lens
9
Top 10 NHL Goal Scorers of All Time
10
NBA Logic Puzzle 2.0
Explore More
Trending Topics
Marvel
Disney
Kpop
Anime
Harry Potter
Crossword
NBA
Song
NFL
The Office
Country
Soccer
WWE
Pokémon
Puzzle
hide this ad
More By:
LEAFS225
Quiz
Plays
Rating
Category
Featured
Created
NHL 1st Overall Draft Picks 2000s
668
3.83
Sports
Jan 30, 2011
TSN - Top 50 NHL Players of 2011
392
4.67
Sports
Nov 15, 2011
TSN's List - Top 50 NHL Players of 2010
386
4.33
Sports
Jul 2, 2011
NHL: Top 5 Point Scorers Per Team 2010-2011
292
3.67
Sports
Jul 5, 2011
Top 30 NHL Goal Scorers of 2009-2010
199
4.50
Sports
Jan 26, 2011
Go to Creator's Profile
Score Distribution
Quiz Creator Spotlight
LEAFS225
Follow
Send a Message
Quizzes Created
-
Created Quiz Play Count
-
More By This Creator
Popular Quizzes Today
1
Find the US States - No Outlines Minefield
2
Colored Red Africa Blitz
3
Find the 'City' Movie
4
The Countries of the World
5
5x2 Blitz: Bands
6
Find the Countries of Europe - No Outlines Minefield
7
Find the US States
8
US States
More Sports Quizzes
Italia '90 Panini Stickers
Quiz Lab
Trending Quizzes
Colored Red Europe Blitz I
Colored Red Africa Blitz II
Colored Red Europe Blitz II
Even More Two Season TV Shows
Colored Red Africa Blitz III
Recently Updated
Odd Team Out - Big 4 Players
pecheneg
Quick Pick: 20 Twenties
pecheneg
March Madness Men's Triple Doubles
pecheneg
How Do You Spell That?
pecheneg
Godzilla Movies
pecheneg
Grab Bag: 4-10 Letters
pecheneg
2024 March Madness Bracket
pecheneg
Famous TV Couples
Peacemaker
Champions League XIs: Real Madrid
pecheneg
Largest US Cities 1790-2010
pecheneg
Trending Topics
Crossword
Disney
Kpop
Harry Potter
NBA
Marvel
Anime
The Office
WWE
Pokémon
Country
Soccer
NFL
Song
Puzzle
Your Account Isn't Verified!
In order to create a playlist on Sporcle, you need to verify the email address you used during registration. Go to your
Sporcle Settings
to finish the process.
Report this User
Report this user for behavior that violates our
Community Guidelines
.
Details:
Send Report
Go to the Sporcle.com Mobile Site →
Comments